Guess The Rock/Metal Band By 3 Songs Pt.1 - Statistics

General Stats
  • This quiz has been taken 123 times
  • The average score is 9 of 15
Answer Stats
Hint Answer % Correct
Back In Black, Highway To Hell, Thunderstruck AC/DC
99%
Another Brick In The Wall Pt 2, Pigs(Three Different Ones) Comfortably Numb Pink Floyd
90%
I Was Made For Lovin' You, Rock And Roll All Nite, Crazy Crazy Nights Kiss
88%
Given Up, In The End, Numb Linkin Park
87%
Paint It Black, Start Me Up, Jumpin' Jack Flash The Rolling Stones
83%
Chop Suey, Toxicity, B.Y.O.B. System Of A Down
79%
Rock You Like A Hurricane, No One Like You, Wind Of Change Scorpions
71%
Freak On A Leash, Falling Away From Me, Blind Korn
65%
Sex On Fire, Use Sombody, Waste A Moment Kings Of Leon
51%
1979, Today, Disarm Smashing Pumpkins
48%
Hail To The King, Nightmare, Bat Country Avenged Sevenfold
46%
Change(In The House Of Flies), My Own Summer, Be Quiet And Drive Deftones
46%
In Too Deep, Fat Lip, Still Waiting Sum 41
37%
Hero, Monster, Feel Invincible Skillet
30%
Tears Don't Fall, Your Betrayal, Scream Aim Fire Bullet For My Valentine
21%
No matching quizzes found
Score Distribution
Percent of People with Each Score
Percentile by Number Answered
Your Score History
You have not taken this quiz